Hodnoty Európanov a vzťah k spoločnému trhu diplomová práca

Salvato in:
Dettagli Bibliografici
Autore principale: Lukáčová, Katarína
Ente Autore: Fakulta medzinárodných vzťahov EU. Katedra medzinárodných politických vzťahov
Altri autori: Štefancová, Viera
Natura: Libro
Lingua:slovacco
Pubblicazione: Bratislava 2018
Tags: Aggiungi Tag
Nessun Tag, puoi essere il primo ad aggiungerne!!

MARC

LEADER 00000nbm a2200000 4500
001 0244485
005 20180806121434.9
041 0 |a slo 
044 |a SK 
245 1 0 |a Hodnoty Európanov a vzťah k spoločnému trhu  |b diplomová práca  |c Katarína Lukáčová ; školiteľ: Viera Štefancová 
264 1 |a Bratislava  |c 2018 
300 |a 95 s. 
100 1 |a Lukáčová, Katarína 
700 1 |a Štefancová, Viera 
710 2 |a Fakulta medzinárodných vzťahov EU. Katedra medzinárodných politických vzťahov